Recycling of industrial effluents (Record no. 981)
[ view plain ]
| 000 -LEADER | |
|---|---|
| fixed length control field | 00899 a2200217 4500 |
| 008 - FIXED-LENGTH DATA ELEMENTS--GENERAL INFORMATION | |
| fixed length control field | 080821t xxu||||| |||| 00| 0 eng d |
| 010 ## - LIBRARY OF CONGRESS CONTROL NUMBER | |
| LC control number | ENG-85067 |
| 020 ## - INTERNATIONAL STANDARD BOOK NUMBER | |
| International Standard Book Number | 818942212X |
| Terms of availability | 1280.00 |
| 035 ## - SYSTEM CONTROL NUMBER | |
| System control number | EN-68600 |
| 037 ## - SOURCE OF ACQUISITION | |
| Source of stock number/acquisition | D.B.Act / Pub |
| 082 ## - DEWEY DECIMAL CLASSIFICATION NUMBER | |
| Classification number | 628.4458 |
| 100 ## - MAIN ENTRY--PERSONAL NAME | |
| Personal name | Manivanan, R. |
| 245 ## - TITLE STATEMENT | |
| Title | Recycling of industrial effluents |
| Statement of responsibility, etc | by R. Manivanan |
| 260 ## - PUBLICATION, DISTRIBUTION, ETC. (IMPRINT) | |
| Place of publication, distribution, etc | New Delhi |
| Name of publisher, distributor, etc | New India Publishing Agency, |
| Date of publication, distribution, etc | 2005 |
| 270 ## - ADDRESS | |
| Address | 101, Vikas Surya Plaza, CU Block, LSC Mkt., Pitam Pura |
| City | New Delhi |
| State or province | Delhi |
| Postal code | 110034 |
| Telephone number | 011-27341717 |
| 300 ## - PHYSICAL DESCRIPTION | |
| Extent | xvii, 412 p. |
| Dimensions | 22 cm. (Hb) |
| 500 ## - GENERAL NOTE | |
| General note | Includes bibliographical references and index |
| 650 ## - SUBJECT ADDED ENTRY--TOPICAL TERM | |
| Topical term or geographic name as entry element | Industrial effluents |
| 942 ## - ADDED ENTRY ELEMENTS (KOHA) | |
| Institution code [OBSOLETE] | dpl |
| Koha item type | English Books |
| Call number prefix | 628.4458 / MAN |
| Source of classification or shelving scheme | Dewey Decimal Classification |
| Classification part | 628.4458 |
| Call number suffix | MAN |
| Withdrawn status | Lost status | Damaged status | Not for loan | Home library | Current library | Date acquired | Cost, normal purchase price | Total Checkouts | Full call number | Barcode | Date last seen | Copy number | Uniform Resource Identifier | Cost, replacement price | Price effective from | Koha item type |
|---|---|---|---|---|---|---|---|---|---|---|---|---|---|---|---|---|
| D.B.Act.Division | D.B.Act.Division | 21/08/2008 | 1280.00 | 628.4458 MAN | EN-68600 | 15/09/2008 | 1 | 1045 | 1280.00 | 15/09/2008 | English Books |
